<?xml version="1.0" encoding="UTF-8"?>
<record
    xmlns:xsi="http://www.w3.org/2001/XMLSchema-instance"
    xsi:schemaLocation="http://www.loc.gov/MARC21/slim http://www.loc.gov/standards/marcxml/schema/MARC21slim.xsd"
    xmlns="http://www.loc.gov/MARC21/slim">

  <leader>00907nam a22001817a 4500</leader>
  <controlfield tag="008">110817t1968    xxu||||g |||| 000 0 ara d</controlfield>
  <datafield tag="082" ind1=" " ind2=" ">
    <subfield code="2">22</subfield>
    <subfield code="a">248</subfield>
    <subfield code="b">&#x641; &#x644; &#x647; </subfield>
  </datafield>
  <datafield tag="100" ind1=" " ind2=" ">
    <subfield code="9">26763</subfield>
    <subfield code="a">&#x641;&#x644;&#x647;&#x648;&#x632;&#x646;&#x60C;&#x64A;&#x648;&#x644;&#x64A;&#x648;&#x633;</subfield>
  </datafield>
  <datafield tag="245" ind1=" " ind2=" ">
    <subfield code="a">&#x623;&#x62D;&#x632;&#x627;&#x628; &#x627;&#x644;&#x645;&#x639;&#x627;&#x631;&#x636;&#x629; &#x627;&#x644;&#x633;&#x64A;&#x627;&#x633;&#x64A;&#x629; &#x627;&#x644;&#x62F;&#x64A;&#x646;&#x64A;&#x629; &#x641;&#x649; &#x635;&#x62F;&#x631; &#x627;&#x644;&#x627;&#x633;&#x644;&#x627;&#x645;:</subfield>
    <subfield code="b">&#x627;&#x644;&#x62E;&#x648;&#x627;&#x631;&#x62C; &#x648; &#x627;&#x644;&#x634;&#x64A;&#x639;&#x629; /</subfield>
    <subfield code="c">&#x62A;&#x623;&#x644;&#x64A;&#x641; &#x64A;&#x648;&#x644;&#x64A;&#x648;&#x633; &#x641;&#x644;&#x647;&#x648;&#x632;&#x646;&#x61B;&#x62A;&#x631;&#x62C;&#x645;&#x629; &#x639;&#x646; &#x627;&#x644;&#x623;&#x644;&#x645;&#x627;&#x646;&#x64A;&#x629; &#x639;&#x628;&#x62F; &#x627;&#x644;&#x631;&#x62D;&#x645;&#x646; &#x628;&#x62F;&#x648;&#x649; </subfield>
  </datafield>
  <datafield tag="260" ind1=" " ind2=" ">
    <subfield code="a">&#x627;&#x644;&#x642;&#x627;&#x647;&#x631;&#x629;:</subfield>
    <subfield code="b">&#x645;&#x643;&#x62A;&#x628;&#x629; &#x627;&#x644;&#x646;&#x647;&#x636;&#x629; &#x627;&#x644;&#x645;&#x635;&#x631;&#x64A;&#x629;&#x60C;1968.</subfield>
    <subfield code="c">1968.</subfield>
  </datafield>
  <datafield tag="300" ind1=" " ind2=" ">
    <subfield code="a">278&#x635;&#x60C;</subfield>
    <subfield code="c">24&#x633;&#x645;.</subfield>
  </datafield>
  <datafield tag="490" ind1=" " ind2=" ">
    <subfield code="9">16364</subfield>
    <subfield code="a">&#x61B;&#x62F;&#x631;&#x627;&#x633;&#x627;&#x62A; &#x627;&#x633;&#x644;&#x627;&#x645;&#x64A;&#x629;</subfield>
    <subfield code="n">22.</subfield>
  </datafield>
  <datafield tag="650" ind1=" " ind2=" ">
    <subfield code="9">16890</subfield>
    <subfield code="a">&#x627;&#x644;&#x62E;&#x648;&#x627;&#x631;&#x62C;</subfield>
  </datafield>
  <datafield tag="650" ind1=" " ind2=" ">
    <subfield code="9">13293</subfield>
    <subfield code="a">&#x627;&#x644;&#x634;&#x64A;&#x639;&#x629;</subfield>
  </datafield>
  <datafield tag="653" ind1=" " ind2=" ">
    <subfield code="b">General</subfield>
    <subfield code="c">August2011</subfield>
  </datafield>
  <datafield tag="942" ind1=" " ind2=" ">
    <subfield code="2">ddc</subfield>
    <subfield code="c">BB</subfield>
  </datafield>
  <datafield tag="999" ind1=" " ind2=" ">
    <subfield code="c">15858</subfield>
    <subfield code="d">15858</subfield>
  </datafield>
  <datafield tag="952" ind1=" " ind2=" ">
    <subfield code="0">0</subfield>
    <subfield code="1">0</subfield>
    <subfield code="2">ddc</subfield>
    <subfield code="4">0</subfield>
    <subfield code="7">0</subfield>
    <subfield code="8">Alef-Baa</subfield>
    <subfield code="a">MAIN</subfield>
    <subfield code="b">MAIN</subfield>
    <subfield code="c">LOW</subfield>
    <subfield code="d">2011-08-17</subfield>
    <subfield code="e">Donation</subfield>
    <subfield code="o">248 &#x641; &#x644; &#x647;</subfield>
    <subfield code="p">000024557</subfield>
    <subfield code="r">2025-07-15 00:00:00</subfield>
    <subfield code="s">2015-04-28</subfield>
    <subfield code="y">BB</subfield>
  </datafield>
</record>
